Algorithmen in C /
Saved in:
| Main Author: | |
|---|---|
| Format: | Book |
| Language: | German English |
| Published: |
München,
Pearson Studium,
2005
|
| Subjects: | |
| Tags: |
No Tags, Be the first to tag this record!
|
MARC
| LEADER | 00000nam a22000003a 4500 | ||
|---|---|---|---|
| 001 | 0075474 | ||
| 003 | SK-STU | ||
| 005 | 20190906105251.7 | ||
| 007 | ta | ||
| 008 | 190906s ----xo-----e------000-0-----d | ||
| 020 | |a 3-8273-7182-1 | ||
| 040 | |a STU |b slo | ||
| 041 | 0 | |a ger |h eng | |
| 044 | |a gw | ||
| 100 | 1 | |a Sedgewick, Robert |4 aut | |
| 245 | 1 | 0 | |a Algorithmen in C / |c aut. Robert Sedgewick |
| 260 | |a München, |b Pearson Studium, |c 2005 | ||
| 300 | |a 742 s. | ||
| 650 | 0 | 7 | |a algoritmy |
| 996 | |c I*18A13435 |l II680 |s A |a 24 |w 0075474_0001 | ||